| 000 | 00822cam a22002294a 4500 | ||
|---|---|---|---|
| 999 |
_c234554 _d234554 |
||
| 001 | 14161860 | ||
| 003 | Nust | ||
| 005 | 20170322170136.0 | ||
| 008 | 051109s2005 oncab 000 0 eng | ||
| 010 | _a 2005482880 | ||
| 020 | _a9780144001026 | ||
| 035 | _a(CaONFJC)ct0348393 | ||
| 040 |
_aDLC _cDLC _dDLC |
||
| 042 | _apcc | ||
| 082 |
_a823 _bSAL |
||
| 100 | 1 |
_aSaltzman, Devyani, _d1979- |
|
| 245 | 1 | 0 |
_aShooting water : _ba mother-daughter journey and the making of a film / _cDevyani Saltzman ; [afterword by Deepa Mehta]. |
| 260 |
_aToronto, Ont. : _bKey Porter Books, _c2005. |
||
| 300 |
_a256 p., [8] p. of plates : _bill., maps ; _c21 cm. |
||
| 906 |
_a0 _bibc _corigres _d2 _encip _f20 _gy-gencatlg |
||
| 942 |
_2ddc _cBK |
||